| 000 | 00714nam a22002417a 4500 | ||
|---|---|---|---|
| 001 | 27603 | ||
| 003 | UA-OsUOA | ||
| 005 | 20210729154553.0 | ||
| 007 | ta | ||
| 008 | 20040908b un ||||| |||| 00| 0 ukr d | ||
| 020 | _a9668066219 | ||
| 040 |
_aUA-OsUOA _bukr _cUA-OsUOA _dUA-OsUOA |
||
| 041 | _aukr | ||
| 044 | _aUA | ||
| 080 | _a821.161.2(075.3) | ||
| 090 |
_a821.161.2(075.3) _bО-23 |
||
| 245 |
_aОбразки з життя: твори Панаса Мирного _bнавч. посібник: в 2-х книгах _cред. О. Г. Мукомели _nКн.1 |
||
| 260 |
_aКиїв _bГрамота _c2003 |
||
| 300 | _a496 с. | ||
| 650 | 7 |
_2UDC _a82 Література |
|
| 942 |
_cBK _2udc |
||
| 955 | _a2 | ||
| 999 |
_c313952 _d313952 |
||